Detalles MARC
| 000 -LIDER |
| fixed length control field |
00990nam a22002777a 4500 |
| 003 - IDENTIFICACDOR DE NÚMERO DE CONTROL |
| control field |
DO-SdBNP |
| 005 - DATE AND TIME OF LATEST TRANSACTION |
| control field |
20210916135956.0 |
| 008 - ELEMENTOS DE LONGITUD FIJA |
| fixed length control field |
210318b1999 dr | 00| 0 spa d |
| 020 ## - ISBN |
| International Standard Book Number |
8493052922 |
| 040 ## - FUENTE DE CATALOGACIÓN |
| Agencia que crea de manera original el registro |
BPMSU |
| Idioma de catalogación |
spa |
| Agencia que realiza la transcripción |
BPMSU |
| 082 #4 - NÚMERO DE CLASIFICACIÓN DECIMAL DE DEWEY |
| Classification number |
808.81 |
| Item number |
H557a 1999 |
| Edition number |
22 |
| 100 1# - ASIENTO PRINCIPAL -- NOMBRE PERSONAL |
| Nombre personal |
Hernández Franco, Tomás , |
| Fechas asociadas con el nombre |
1904 - 1952 |
| 245 10 - MENCIÓN DE TITULO |
| Título |
Apuntes sobre poesía popular y poesía negra en Las Antillas / |
| Mención de responsabilidad |
Tomás Hernández Franco ; cuidado de la edición Tomás Castro Burdiez. |
| 250 ## - MENCIÓN DE EDICION |
| Mención de edición |
3a ed. |
| 260 ## - PUBLICACIÓN, DISTRIBUCIÓN, ETC. (PIE DE IMPRENTA) |
| Lugar de publicación, distribución, etc |
Santo Domingo: |
| Nombre del editor, distribuidor, etc. |
Librería La Trinitaria |
| Fecha de publicación, distribución, etc |
1999 . |
| 300 ## - DESCRIPCIÓN FÍSICA |
| Extensión |
72 p. ; |
| Dimensiones |
21 cm |
| 500 ## - NOTA GENERAL |
| Materiales especificados |
Incluye datos biográficos del autor en la solapa de la cubierta |
| 590 ## - NOTA LOCAL |
| Texto de la nota local |
Inventariado, 2021/ MC |
| 650 #4 - ENCABEZAMIENTO DE MATERIA--TEMÁTICO |
| Término temático o nombre geográfico como elemento de entrada |
Poesía antillana |
| Subdivisión temática general |
Historia y crítica. |
| 650 #4 - ENCABEZAMIENTO DE MATERIA--TEMÁTICO |
| Término temático o nombre geográfico como elemento de entrada |
Poesía negra |
| Subdivisión temática general |
Historia y crítica. |
| 650 #4 - ENCABEZAMIENTO DE MATERIA--TEMÁTICO |
| Término temático o nombre geográfico como elemento de entrada |
Poesía dominicana |
| Subdivisión temática general |
Historia y crítica. |
| 700 1# - ASIENTO SECUNDARIO -- NOMBRE PERSONAL |
| Nombre personal |
Castro Burdiez, Tomás, |
| Mención de responsabilidad |
ed. |
| 710 ## - ASIENTO SECUNDARIO -- NOMBRE CORPORATIVO |
| Nombre corporativo o de jurisdicción |
|
| 910 ## - VALIDACIÓN |
| Validación |
MCabrera/ VMateo V. |
| 942 ## - ADDED ENTRY ELEMENTS (KOHA) |
| Source of classification or shelving scheme |
Dewey Decimal Classification |
| Koha item type |
Libros |